| 000 | 00446nam a2200157Ia 4500 | ||
|---|---|---|---|
| 008 | 230917s9999||||xx |||||||||||||| ||und|| | ||
| 020 | _cPOU4.95 | ||
| 040 |
_e8434 _aMAIN |
||
| 041 | _aEnglish | ||
| 082 | _a327.42 B417N | ||
| 100 | _aBeillini, James | ||
| 245 | 0 | _aNew world role for the medium power: The British opportunity | |
| 260 |
_aLondon _bRoyal United Service Institute for Defence Studies _c1977 |
||
| 300 | _a120 p. | ||
| 942 | _cBK | ||
| 999 |
_c211158 _d211158 |
||